Multiple Choice City Quiz – Ganja - Statistics

General Stats
  • This quiz has been taken 10 times
  • The average score is 5 of 10
Answer Stats
Question Answer % Correct
Which locally made sweets are popular souvenirs in Ganja? Ganja pakhlava
63%
Which lake lies to the southwest of Ganja? Göygöl
63%
Which football club from Ganja has represented Azerbaijan in European football? Kapaz
63%
What is the name of Ganja's historic park, among the oldest in the country? Khan's Garden
63%
What is the Ganja city flag’s main colour? Green
50%
What name was Ganja given during the Soviet era? Kirovabad
50%
Which one of these people was born in Ganja? Nizami Ganjavi
38%
Which empire controlled Ganja in the 11th century and built fortresses there? Seljuk Empire
38%
Which foreign country lies closest to Ganja? Georgia
25%
Which city in Iran is twinned with Ganja? Tabriz
13%
No matching quizzes found
Score Distribution
Percent of People with Each Score
Percentile by Number Answered
Your Score History
You have not taken this quiz